000
00337nam a2200145Ia 4500
008
100122s9999 xx 000 0 und d
082
_b
38829
_a
823
100
_a
TAGORE RABINDRANATH
245
_a
THE WRECK
260
_b
DREAMLAND PUBLICATIONS
_c
1905
300
_a
414
630
_a
THE WRECK
730
_a
THE WRECK
942
_c
BOOK
999
_c
372180
_d
372177